| 000 | 00728nam a2200217 u 4500 | ||
|---|---|---|---|
| 001 | 000390961 | ||
| 003 | AM-YeHGA | ||
| 005 | 20250617132259.0 | ||
| 008 | 041203s1968 ||||||||||||||||||||rus d | ||
| 040 | _aAM-YeHGA | ||
| 041 | 0 | _arus | |
| 100 | 1 | _aТимашев. А.К. | |
| 245 | 1 | 0 |
_aВаршава / _cА.К. Тимашев. |
| 260 |
_aМосква : _bПросвещение, _c1968. |
||
| 300 |
_a111 стр. : _bилл. ; _c22 см. |
||
| 440 | 0 | _aГорода мира | |
| 650 | 1 | 4 | _aСтрановедение |
| 650 | 1 | 4 | _aЕвропа |
| 650 | 1 | 4 | _aПолитическая, экономическая и культурная жизнь отдельных стран и местностей |
| 090 | _c149788 | ||
| 999 |
_c148400 _d148400 |
||